000 00429cam a2200181ua 4500
001 4033
008 111213n ii |||gr||||Z||||||asm
040 _cMAIN
082 _a891.4511
100 1 _aBarpujari, Narayan,
245 1 1 _aKamalar kabita
_cby Marayan Barpujari
250 _a1st.
260 _aDigboi:
_bNarayan Barpujari.
300 _a32p:
_c23cm.
653 _aAssamese poem
653 _aKamalar kabita
942 _cBK
999 _c3855
_d3855